[Event "Attica CupT final"]
[Site "Nikea"]
[Date "2023.06.11"]
[Round "2"]
[White "Sidiropoulos, Nikolaos"]
[Black "Kostas, Panagiotis"]
[Result "1-0"]
[WhiteElo "2050"]
[BlackElo "2055"]
[PlyCount "87"]
[EventDate "2023.06.10"]
[EventType "team-k.o."]
[EventRounds "2"]
[EventCountry "GRE"]
[SourceTitle "EXT 2024"]
[Source "ChessBase"]
[SourceDate "2023.10.10"]
[SourceVersion "1"]
[SourceVersionDate "2023.10.10"]
[SourceQuality "1"]
[WhiteTeam "Peiraikos OS"]
[BlackTeam "Peukis AO"]
[WhiteTeamCountry "GRE"]
[BlackTeamCountry "GRE"]

1. c4 e6 2. Nf3 d5 3. g3 d4 4. Bg2 c5 5. d3 Nc6 6. 0-0 Nf6 7. e3 e5 8. exd4 exd4 9. Bg5 Be7 10. Nbd2 0-0 11. Re1 Bf5 12. Bxf6 Bxf6 13. Ne4 Be7 14. a3 Qb6 15. Rb1 a5 16. Nfd2 Bg6 17. f4 f5 18. Nf2 Rae8 19. Qb3 Qc7 20. Bd5+ Kh8 21. Nf3 Bh5 22. Qb5 h6 23. Ne5 Nxe5 24. Rxe5 Bd6 25. Rxe8 Rxe8 26. Qxb7 Qxb7 27. Bxb7 g5 28. fxg5 hxg5 29. Kf1 Be2+ 30. Kg1 Re3 31. Re1 f4 32. gxf4 gxf4 33. Be4 Be7 34. Nd1 Rxe4 35. dxe4 f3 36. Nf2 Bh4 37. Rb1 a4 38. b4 axb3 39. Rxb3 Bxc4 40. Rxf3 Be6 41. e5 c4 42. Rf4 Bxf2+ 43. Kxf2 c3 44. Ke2 1-0

[Event "Anogia op 8th"]
[Site "Anogia"]
[Date "2019.08.19"]
[Round "2"]
[White "Avramidou, Anastasia"]
[Black "Kostas, Panagiotis"]
[Result "1-0"]
[WhiteElo "2246"]
[BlackElo "2063"]
[PlyCount "61"]
[EventDate "2019.08.18"]
[EventType "swiss"]
[EventRounds "9"]
[EventCountry "GRE"]
[SourceTitle "EXT 2020"]
[Source "ChessBase"]
[SourceDate "2019.10.17"]
[SourceVersion "1"]
[SourceVersionDate "2019.10.17"]
[SourceQuality "1"]

1. d4 d5 2. c4 e6 3. Nc3 Nf6 4. cxd5 exd5 5. Bg5 c6 6. e3 Be7 7. Bd3 0-0 8. Qc2 h6 9. Bh4 Re8 10. Nf3 Nbd7 11. 0-0-0 Ne4 12. Bxe7 Qxe7 13. Bxe4 dxe4 14. Nd2 Nf6 15. Kb1 Be6 16. Ka1 Bd5 17. h3 a5 18. Na4 Nd7 19. Rde1 Rac8 20. Nc3 Nf6 21. f3 exf3 22. gxf3 c5 23. dxc5 Qxc5 24. e4 Be6 25. Rhg1 b5 26. e5 b4 27. exf6 Bf5 28. Nde4 bxc3 29. Rxg7+ Kf8 30. Reg1 cxb2+ 31. Qxb2 1-0

[Event "Athens Chess Square op"]
[Site "Athens"]
[Date "2016.05.06"]
[Round "5"]
[White "Kostas, Panagiotis"]
[Black "Gazis, Efstathios"]
[Result "0-1"]
[WhiteElo "2027"]
[BlackElo "2203"]
[PlyCount "50"]
[EventDate "2016.05.02"]
[EventType "swiss"]
[EventRounds "7"]
[EventCountry "GRE"]
[SourceTitle "CBM 172 Extra"]
[Source "ChessBase"]
[SourceDate "2016.06.21"]
[SourceVersion "1"]
[SourceVersionDate "2016.06.21"]
[SourceQuality "1"]

1. d4 e6 2. Nf3 Nf6 3. Bg5 c5 4. e3 cxd4 5. exd4 Be7 6. Bd3 b6 7. Qe2 Bb7 8. Nc3 a6 9. h4 Nc6 10. 0-0-0 Nb4 11. Bc4 b5 12. Bb3 Nbd5 13. Ne4 Nxe4 14. Qxe4 f6 15. Bd2 Qc7 16. Qg4 0-0 17. c3 Rac8 18. Kb1 a5 19. Rh3 f5 20. Qh5 Nf6 21. Qg5 Be4+ 22. Ka1 h6 23. Qe3 a4 24. Ne5 axb3 25. Rg3 Nh5 0-1

[Event "Athens op 05"]
[Site "Athens"]
[Date "2012.05.23"]
[Round "6"]
[White "Markantonaki, Haritomeni"]
[Black "Kostas, Panagiotis"]
[Result "1-0"]
[WhiteElo "2141"]
[BlackElo "1961"]
[PlyCount "55"]
[EventDate "2012.05.05"]
[EventType "swiss"]
[EventRounds "7"]
[EventCountry "GRE"]
[SourceTitle "EXT 2014"]
[Source "ChessBase"]
[SourceDate "2013.11.20"]
[SourceVersion "1"]
[SourceVersionDate "2013.11.20"]
[SourceQuality "1"]

1. e4 d5 2. exd5 Nf6 3. Nf3 Nxd5 4. d4 g6 5. c4 Nb6 6. Nc3 Bg7 7. c5 Nd5 8. Bc4 c6 9. 0-0 0-0 10. Re1 Bg4 11. Bg5 Nf6 12. h3 Bxf3 13. Qxf3 Qxd4 14. Rxe7 Nbd7 15. Bb3 Ne5 16. Qe2 Nd3 17. Be3 Qd8 18. Rxb7 Qc8 19. Rxf7 Rxf7 20. Bxf7+ Kxf7 21. Qxd3 Rb8 22. Qc4+ Qe6 23. Qxe6+ Kxe6 24. Rd1 Nd5 25. Nxd5 cxd5 26. b3 Rb4 27. c6 a6 28. Rxd5 1-0

[Event "Attica-ch U16"]
[Site "Athens"]
[Date "2008.01.06"]
[Round "6"]
[White "Kostas, Panagiotis"]
[Black "Habesis, Panayotis"]
[Result "1-0"]
[WhiteElo "1525"]
[BlackElo "1340"]
[PlyCount "39"]
[EventDate "2008.01.02"]
[EventType "swiss"]
[EventRounds "7"]
[EventCountry "GRE"]
[SourceTitle "EXT 2011"]
[Source "ChessBase"]
[SourceDate "2010.11.26"]
[SourceVersion "1"]
[SourceVersionDate "2010.11.26"]
[SourceQuality "1"]

1. d4 d5 2. Nc3 Nf6 3. Bg5 e6 4. e4 Be7 5. e5 Nfd7 6. Bxe7 Qxe7 7. f4 a6 8. Nf3 c5 9. dxc5 Nxc5 10. Bd3 Nc6 11. 0-0 0-0 12. Bxh7+ Kh8 13. Bd3 Nxd3 14. cxd3 g6 15. Ng5 Nxe5 16. Qe1 Kg7 17. Qxe5+ f6 18. Qd4 e5 19. fxe5 fxg5 20. Nxd5 1-0

[Event "Attica-ch U16"]
[Site "Athens"]
[Date "2008.01.04"]
[Round "3"]
[White "Rigopoulos Tsigkos, Alexandros"]
[Black "Kostas, Panagiotis"]
[Result "1-0"]
[WhiteElo "1755"]
[BlackElo "1525"]
[PlyCount "93"]
[EventDate "2008.01.02"]
[EventType "swiss"]
[EventRounds "7"]
[EventCountry "GRE"]
[SourceTitle "EXT 2011"]
[Source "ChessBase"]
[SourceDate "2010.11.26"]
[SourceVersion "1"]
[SourceVersionDate "2010.11.26"]
[SourceQuality "1"]

1. e4 d5 2. exd5 Nf6 3. d4 Nxd5 4. c4 Nf6 5. Nf3 c6 6. h3 Bf5 7. Nc3 e6 8. Bg5 h6 9. Bf4 Bb4 10. Qb3 Qa5 11. Bd2 Qb6 12. c5 Qa5 13. Ne5 Bxc3 14. bxc3 Qc7 15. Bf4 Qe7 16. Nc4 Ne4 17. Nd6+ Nxd6 18. Bxd6 Qd7 19. Bc4 b5 20. Be2 f6 21. c4 bxc4 22. Bxc4 Kf7 23. 0-0 Be4 24. Rae1 Bd5 25. f4 f5 26. g4 g6 27. Bxd5 cxd5 28. gxf5 gxf5 29. Qd1 h5 30. Kh2 Nc6 31. Rg1 Ne7 32. Bxe7 Qxe7 33. Rg5 h4 34. Reg1 Rh7 35. Qb3 Qc7 36. Rxf5+ exf5 37. Qxd5+ Kf6 38. Qxa8 Qxf4+ 39. Kh1 Qxd4 40. Qf8+ Ke5 41. Qe8+ Kf4 42. Qb8+ Ke3 43. Qb3+ Kf4 44. Rf1+ Kg5 45. Qg8+ Kh6 46. Qe6+ Kg7 47. Rg1+ 1-0

[Event "Nikaia op 15th"]
[Site "Nikaia"]
[Date "2007.08.30"]
[Round "9"]
[White "Kostas, Panagiotis"]
[Black "Petraki, Maria"]
[Result "0-1"]
[WhiteElo "1885"]
[BlackElo "2069"]
[PlyCount "68"]
[EventDate "2007.08.23"]
[EventType "swiss"]
[EventRounds "9"]
[EventCountry "GRE"]
[SourceTitle "CBM 120 Extra"]
[Source "ChessBase"]
[SourceDate "2007.11.01"]
[SourceVersion "1"]
[SourceVersionDate "2007.11.01"]
[SourceQuality "1"]

1. d4 d6 2. e4 Nf6 3. Nc3 e5 4. dxe5 dxe5 5. Qxd8+ Kxd8 6. Nf3 Bd6 7. Bg5 Be6 8. 0-0-0 Kc8 9. a3 a6 10. Nd2 b5 11. Nb3 Nbd7 12. h3 h6 13. Be3 g5 14. f3 Nh5 15. Bf2 Nf4 16. g3 Ng6 17. Nd5 Rf8 18. c4 bxc4 19. Bxc4 a5 20. Nb6+ Nxb6 21. Bxe6+ fxe6 22. Bxb6 Rb8 23. Bc5 Rxb3 24. Bxd6 cxd6 25. Rxd6 Rbxf3 26. Rxe6 R3f6 27. Rxf6 Rxf6 28. Rd1 Ne7 29. Rd3 Kc7 30. Kd2 Rd6 31. Kc3 Rxd3+ 32. Kxd3 Kc6 33. Kc4 Nc8 34. b3 Nd6+ 0-1

[Event "Nikaia op 15th"]
[Site "Nikaia"]
[Date "2007.08.26"]
[Round "5"]
[White "Kostas, Panagiotis"]
[Black "Galanos, Dimitrios"]
[Result "1/2-1/2"]
[WhiteElo "1885"]
[BlackElo "2159"]
[PlyCount "141"]
[EventDate "2007.08.23"]
[EventType "swiss"]
[EventRounds "9"]
[EventCountry "GRE"]
[SourceTitle "CBM 120 Extra"]
[Source "ChessBase"]
[SourceDate "2007.11.01"]
[SourceVersion "1"]
[SourceVersionDate "2007.11.01"]
[SourceQuality "1"]

1. d4 Nf6 2. Nc3 c5 3. d5 d6 4. e4 g6 5. Be2 Bg7 6. Nf3 0-0 7. 0-0 a6 8. a4 b6 9. Nd2 Nbd7 10. Nc4 Rb8 11. f4 Ne8 12. Qe1 Bb7 13. Bf3 Ba8 14. e5 b5 15. axb5 axb5 16. Na5 dxe5 17. Nc6 Bxc6 18. dxc6 Nb6 19. Nxb5 Nc4 20. Nc3 exf4 21. Ra7 Nc7 22. Rxc7 Qxc7 23. Nd5 Qd6 24. c7 Rbe8 25. c8Q Rxc8 26. Nxe7+ Kh8 27. Nxc8 Rxc8 28. Qe4 Qd4+ 29. Kh1 Qxe4 30. Bxe4 f5 31. Bd3 Nxb2 32. Bxb2 Bxb2 33. Rxf4 Kg7 34. g3 Kf6 35. Kg2 Ke5 36. Kf3 Bd4 37. g4 c4 38. Be2 fxg4+ 39. Kxg4 h5+ 40. Kf3 g5 41. Rf7 g4+ 42. Kg3 Rc5 43. Rf8 Ke4 44. Re8+ Be5+ 45. Kg2 Kd4 46. h3 Kc3 47. hxg4 hxg4 48. Bxg4 Kxc2 49. Kf2 Bd4+ 50. Ke2 c3 51. Bf3 Rb5 52. Be4+ Kb2 53. Re7 Bf6 54. Re8 Rb4 55. Bh7 Rb6 56. Be4 Bg5 57. Bh7 Bf4 58. Be4 Rb4 59. Bh7 Rd4 60. Bd3 Bc7 61. Re4 Rd5 62. Rb4+ Ka3 63. Rc4 Ba5 64. Re4 Kb2 65. Re8 Bb4 66. Re4 Ba5 67. Re8 Bd8 68. Bh7 Rd2+ 69. Kf3 c2 70. Bxc2 Kxc2 71. Re2 1/2-1/2

[Event "GRE-chT 35th"]
[Site "Ermioni Argolidas"]
[Date "2006.07.10"]
[Round "9"]
[White "Kostas, Panagiotis"]
[Black "Ketzetzis, Georgios"]
[Result "0-1"]
[WhiteElo "1887"]
[BlackElo "1994"]
[PlyCount "84"]
[EventDate "2006.07.03"]
[EventType "team"]
[EventRounds "9"]
[EventCountry "GRE"]
[SourceTitle "CBM 113 Extra"]
[Source "ChessBase"]
[SourceDate "2006.09.14"]
[SourceVersion "1"]
[SourceVersionDate "2006.09.14"]
[SourceQuality "1"]

1. d4 c6 2. e4 d5 3. Nc3 dxe4 4. Nxe4 Nd7 5. Bc4 Ngf6 6. Ng5 e6 7. Qe2 Nb6 8. Bb3 Be7 9. N1f3 h6 10. Ne4 0-0 11. Bd2 Nbd5 12. 0-0-0 Qc7 13. h4 a5 14. Ne5 b5 15. Bxd5 cxd5 16. Nxf6+ Bxf6 17. g4 b4 18. g5 b3 19. axb3 Ba6 20. Qe3 Rfc8 21. Bc3 Bxe5 22. dxe5 h5 23. g6 Bb7 24. Rhg1 a4 25. gxf7+ Qxf7 26. bxa4 Rxa4 27. Rg5 d4 28. Rxd4 Ra1+ 29. Kd2 Bf3 30. Qf4 Qb7 31. Qf6 Rd1+ 32. Ke3 Rxd4 33. Qxe6+ Kh8 34. Qg6 Re4+ 35. Kxf3 Rf8+ 36. Kg3 Rg4+ 37. Rxg4 Qf3+ 38. Kh2 hxg4 39. Qb6 Qh3+ 40. Kg1 g3 41. e6 g2 42. Bxg7+ Kh7 0-1

[Event "GRE-chT 35th"]
[Site "Ermioni Argolidas"]
[Date "2006.07.07"]
[Round "5"]
[White "Kazakos, Emmanouil"]
[Black "Kostas, Panagiotis"]
[Result "1-0"]
[WhiteElo "1994"]
[BlackElo "1887"]
[PlyCount "75"]
[EventDate "2006.07.03"]
[EventType "team"]
[EventRounds "9"]
[EventCountry "GRE"]
[SourceTitle "CBM 113 Extra"]
[Source "ChessBase"]
[SourceDate "2006.09.14"]
[SourceVersion "1"]
[SourceVersionDate "2006.09.14"]
[SourceQuality "1"]

1. e4 e6 2. d4 d5 3. Nc3 dxe4 4. Nxe4 Nd7 5. Nf3 Be7 6. c3 b6 7. Bb5 Bb7 8. Ne5 Bxe4 9. Bxd7+ Kf8 10. Qh5 g6 11. Bh6+ Nxh6 12. Qxh6+ Kg8 13. Qf4 Bf6 14. Qxe4 Bxe5 15. dxe5 Kg7 16. Rd1 Qg5 17. 0-0 Rad8 18. Qe3 Qf5 19. Bb5 Rxd1 20. Rxd1 c6 21. Be2 Qc2 22. Qd2 Qf5 23. f4 Qe4 24. Bf3 Qa4 25. b3 Qa3 26. Qf2 c5 27. Qh4 Rf8 28. Qf2 Qa5 29. Qc2 Qa3 30. Rd7 Qa6 31. a4 Qc8 32. Qd2 c4 33. b4 a5 34. Bb7 Qb8 35. b5 Qa7 36. Qd6 Rd8 37. Rxd8 Qxb7 38. Qf8# 1-0